书目信息 |
| 题名: |
数字技术实验指南
|
|
| 作者: | 威廉斯 著 ;胡瑞雯 译 | |
| 分册: | ||
| 出版信息: | 北京 人民教育出版社 1979 |
|
| 页数: | 145页 | |
| 开本: | 20cm | |
| 丛书名: | ||
| 单 册: | ||
| 中图分类: | TN431.2 | |
| 科图分类: | ||
| 主题词: | 数字集成电路--高等学校--教学参考资料 | |
| 电子资源: | ||
| ISBN: | ||
| 000 | 00735nam0 2200241 45 | |
| 001 | 0179005944 | |
| 005 | 20060727164207.00 | |
| 010 | @dCNY0.50 | |
| 091 | @a15012.057 | |
| 100 | @a19950728d1979 em y0chiy0121 ea | |
| 101 | 1 | @achi@ceng |
| 102 | @aCN@b110000 | |
| 105 | @ay z 000yy | |
| 200 | 10 | @a数字技术实验指南@Ashu zi ji shu shi yan zhi nan@f(美)G·E·威廉斯著@F(mei)G·E·wei lian si zhu@g胡瑞雯译 |
| 210 | @a北京@c人民教育出版社@d1979 | |
| 215 | @a145页@d20cm | |
| 300 | @a高等学校教学参考书 | |
| 606 | @a数字集成电路@x高等学校@x教学参考资料 | |
| 690 | @aTN431.2@v3 | |
| 701 | 0 | @a威廉斯@Awei lian si@4著 |
| 702 | 0 | @a胡瑞雯@Ahu rui wen@4译 |
| 801 | 0 | @aCN@bNLC@c20060727 |
| 905 | @f1@b34966@f1@b34970@dTN431.2@e15 | |
| 数字技术实验指南/(美)G·E·威廉斯著/胡瑞雯译.-北京:人民教育出版社,1979 |
| 145页;20cm |
| 高等学校教学参考书 |
| ISBN :CNY0.50 |
| ● |
| 相关链接 |
|
|
|
|
正题名:数字技术实验指南
索取号:TN431.2/15
 
预约/预借
| 序号 | 登录号 | 条形码 | 馆藏地/架位号 | 状态 | 备注 |
| 1 | 0034964 | 202303676 | 密集书库/ [索取号:TN431.2/15] | 在馆 | |
| 2 | 0034965 | 202303710 | 密集书库/ [索取号:TN431.2/15] | 在馆 | |
| 3 | 0034966 | 001352191 | 第二样本阅览室/ [索取号:TN431.2/15] | 在馆 | |
| 4 | 0034967 | 202204550 | 密集书库/ [索取号:TN431.2/15] | 在馆 | |
| 5 | 0034968 | 202204300 | 密集书库/ [索取号:TN431.2/15] | 在馆 | |
| 6 | 0034969 | 202343570 | 密集书库/ [索取号:TN431.2/15] | 在馆 | |
| 7 | 0034970 | 001352627 | 第三借阅区/ [索取号:TN431.2/15] | 在馆 | |
| 8 | 0034971 | 202204514 | 密集书库/ [索取号:TN431.2/15] | 在馆 | |
| 9 | 0034972 | 202204630 | 密集书库/ [索取号:TN431.2/15] | 在馆 | |
| 10 | 0034973 | 202204596 | 密集书库/ [索取号:TN431.2/15] | 在馆 | |
| 11 | 0438844 | 204388448 | 密集书库/ [索取号:TN431.2/15] | 在馆 |